Statistics for Pokemon by Remymer

Click here to take the quiz!

General Stats

  • This quiz has been taken 5 times
  • The average score is 53 of 81

Answer Stats

HintAnswer% Correct
799Guzzlord
100%
792Lunala
100%
722Rowlet
100%
791Solgaleo
100%
752Araquanid
67%
760Bewear
67%
761Bounsweet
67%
729Brionne
67%
794Buzzwole
67%
797Celesteela
67%
737Charjabug
67%
790Cosmoem
67%
789Cosmog
67%
740Crabominable
67%
739Crabrawler
67%
742Cutiefly
67%
723Dartrix
67%
724Decidueye
67%
751Dewpider
67%
781Dhelmise
67%
780Drampa
67%
753Fomantis
67%
736Grubbin
67%
735Gumshoos
67%
783Hakamo-o
67%
727Incineroar
67%
782Jangmo-o
67%
798Kartana
67%
775Komala
67%
784Kommo-o
67%
725Litten
67%
754Lurantis
67%
745Lycanroc
67%
801Magearna
67%
747Mareanie
67%
802Marshadow
67%
774Minior
67%
755Morelull
67%
800Necrozma
67%
793Nihilego
67%
765Oranguru
67%
741Oricorio
67%
770Palossand
67%
766Passimian
67%
795Pheromosa
67%
731Pikipek
67%
728Popplio
67%
730Primarina
67%
771Pyukumuku
67%
743Ribombee
67%
744Rockruff
67%
757Salandit
67%
758Salazzle
67%
769Sandygast
67%
756Shiinotic
67%
773Silvally
67%
762Steenee
67%
759Stufful
67%
787Tapu Bulu
67%
788Tapu Fini
67%
785Tapu Koko
67%
786Tapu Lele
67%
777Togedemaru
67%
726Torracat
67%
733Toucannon
67%
748Toxapex
67%
732Trumbeak
67%
763Tsareena
67%
776Turtonator
67%
772Type: Null
67%
738Vikavolt
67%
746Wishiwashi
67%
796Xurkitree
67%
734Yungoos
67%
779Bruxish
33%
764Comfey
33%
768Golisopod
33%
778Mimikyu
33%
749Mudbray
33%
750Mudsdale
33%
767Wimpod
33%

Score Distribution

Percentile by Number Answered

Percent of People with Each Score

Your Score History

You have not taken this quiz